|
|
|
|
| LEADER |
00000naa0a2200000 4500 |
| 001 |
596214 |
| 005 |
20250327113152.0 |
| 035 |
|
|
|a (RuTPU)RU\TPU\tpu\18328
|
| 035 |
|
|
|a RU\TPU\tpu\18311
|
| 090 |
|
|
|a 596214
|
| 100 |
|
|
|a 20101026d2006 k||y0rusy50 ca
|
| 101 |
0 |
|
|a rus
|
| 102 |
|
|
|a RU
|
| 200 |
1 |
|
|a Онтологии в системах управления знаниями организаций
|f С. В. Козлов [и др.]
|
| 333 |
|
|
|a В фонде НТБ ТПУ отсутствует
|
| 461 |
|
|
|t itech
|o журнал интеллектуальных технологий
|d 2006
|
| 463 |
|
|
|t № 4
|v С. 74-78
|d 2006
|
| 610 |
1 |
|
|a труды учёных ТПУ
|
| 701 |
|
1 |
|a Козлов
|b С. В.
|
| 701 |
|
1 |
|a Тузовский
|b А. Ф.
|c специалист в области систем управления
|c профессор Томского политехнического университета, доктор технических наук
|f 1952-
|g Анатолий Федорович
|3 (RuTPU)RU\TPU\pers\25952
|
| 701 |
|
1 |
|a Чириков
|b С. В.
|
| 701 |
|
1 |
|a Ямпольский
|b В. З.
|c директор института "Кибернетический центр" Томского политехнического университета
|f 1938-
|g Владимир Захарович
|3 (RuTPU)RU\TPU\pers\12100
|
| 801 |
|
1 |
|a RU
|b 63413507
|c 20100225
|
| 801 |
|
2 |
|a RU
|b 63413507
|c 20111229
|g RCR
|
| 942 |
|
|
|c CR
|